[Event "3rd Sharjah Masters 2019"]
[Site "Sharjah UAE"]
[Date "2019.03.23"]
[Round "2.8"]
[White "Maghsoodloo, Parham"]
[Black "Raja, Rithvik R"]
[Result "1-0"]
[WhiteTitle "GM"]
[BlackTitle "IM"]
[WhiteElo "2673"]
[BlackElo "2423"]
[WhiteFideId "12539929"]
[BlackFideId "35007394"]
[EventDate "2019.03.22"]

1. Nf3 d5 2. g3 Bg4 3. Bg2 c6 4. h3 Bh5 5. O-O e6 6. d3 Bd6 7. e4 Ne7 8. Nbd2
Nd7 9. c4 O-O 10. d4 c5 11. cxd5 exd5 12. exd5 Nxd5 13. Ne4 Be7 14. Qb3 N5b6 15.
dxc5 Nxc5 16. Nxc5 Bxc5 17. Rd1 Qf6 18. Bg5 Qe6 19. g4 Bg6 20. Rac1 Rac8 21.
Qxe6 fxe6 22. Nd4 Bxd4 23. Rxd4 h6 24. Rxc8 Rxc8 25. Be3 Rc2 26. Rd8+ Kh7 27.
Bd4 Nc4 28. Rd7 e5 29. Bc3 b5 30. Rxa7 Bd3 31. Bd5 Re2 32. Re7 b4 33. Bxc4 Bxc4
34. Bxe5 Re1+ 35. Kh2 Bf7 36. Rxf7 Rxe5 37. Rb7 Ra5 38. Rxb4 Rxa2 39. Kg3 Ra1
40. Rb7 Rd1 41. f4 Rd3+ 42. Kh4 Kg6 43. Rb6+ Kf7 44. f5 Re3 45. b4 Rd3 46. b5
Rb3 47. Rb8 Kf6 48. Rb7 g5+ 49. fxg6 Kxg6 50. Rb8 Kg7 51. Rb6 Kh7 52. g5 hxg5+
53. Kxg5 Rxh3 54. Rc6 Kg7 55. Rc7+ 1-0

[Event "3rd Sharjah Masters 2019"]
[Site "Sharjah UAE"]
[Date "2019.03.23"]
[Round "2.9"]
[White "Sundararajan, Kidambi"]
[Black "Sjugirov, Sanan"]
[Result "1/2-1/2"]
[WhiteTitle "GM"]
[BlackTitle "GM"]
[WhiteElo "2413"]
[BlackElo "2667"]
[WhiteFideId "5005370"]
[BlackFideId "4189302"]
[EventDate "2019.03.22"]

1. d4 Nf6 2. c4 g6 3. Nf3 Bg7 4. Nc3 O-O 5. e4 d6 6. Be2 Na6 7. O-O e5 8. Be3 c6
9. h3 exd4 10. Bxd4 Re8 11. Qc2 Nb4 12. Qd2 Nxe4 13. Nxe4 Rxe4 14. Bxg7 Kxg7 15.
Qxb4 Rxe2 16. Rfe1 Rxe1+ 17. Rxe1 Qf6 18. Re8 b6 19. Qa3 c5 20. Nh2 h5 21. Nf1
a5 22. Qe3 Bb7 23. Rxa8 Bxa8 24. Qe8 Bb7 25. Qb8 Qe7 26. Ne3 f5 27. Qa7 Kh6 28.
Qxb6 f4 29. Nd5 Bxd5 30. cxd5 Qe1+ 31. Kh2 Qxf2 32. Qxd6 Qg3+ 33. Kh1 Qe1+ 34.
Kh2 Qg3+ 35. Kh1 Qe1+ 1/2-1/2

[Event "3rd Sharjah Masters 2019"]
[Site "Sharjah UAE"]
[Date "2019.03.23"]
[Round "2.11"]
[White "Iturrizaga Bonelli, Eduardo"]
[Black "Akash, G"]
[Result "1-0"]
[WhiteTitle "GM"]
[BlackTitle "IM"]
[WhiteElo "2639"]
[BlackElo "2411"]
[WhiteFideId "3901211"]
[BlackFideId "5040299"]
[EventDate "2019.03.22"]

1. c4 e5 2. Nc3 Nf6 3. Nf3 Nc6 4. e3 Bb4 5. Qc2 Bxc3 6. Qxc3 Qe7 7. Be2 d5 8. d4
exd4 9. Nxd4 Nxd4 10. Qxd4 c5 11. Qh4 Be6 12. b3 dxc4 13. bxc4 Nd7 14. Qe4 Qf6
15. Rb1 O-O 16. Rxb7 Rab8 17. O-O Bf5 18. Qd5 Be6 19. Qc6 Ne5 20. Qb5 Rxb7 21.
Qxb7 Bxc4 22. Bxc4 Nxc4 23. Qxa7 Qd6 24. Qa4 Qd3 25. Qb5 Qc2 26. a4 Ra8 27. Qxc5
Qxa4 28. e4 Re8 29. f3 h6 30. Bf4 Rd8 31. h4 Nb2 32. Kh2 Qc4 33. Qe7 Ra8 34. Rc1
Qb3 35. Rc7 Nd1 36. Qd7 Nb2 37. Rb7 Qa2 38. Bb8 Na4 39. Qc6 Kh7 40. Be5 Ra5 41.
Qe8 Kg6 42. h5+ Kh7 43. Rb8 1-0

[Event "3rd Sharjah Masters 2019"]
[Site "Sharjah UAE"]
[Date "2019.03.23"]
[Round "2.12"]
[White "Tissir, Mohamed"]
[Black "Ganguly, Surya Shekhar"]
[Result "0-1"]
[WhiteTitle "IM"]
[BlackTitle "GM"]
[WhiteElo "2386"]
[BlackElo "2633"]
[WhiteFideId "9000240"]
[BlackFideId "5002150"]
[EventDate "2019.03.22"]

1. e4 c5 2. Nf3 e6 3. d4 cxd4 4. Nxd4 Nc6 5. Nc3 Qc7 6. f4 a6 7. Nb3 b5 8. Bd3
Bb7 9. O-O d6 10. Qe2 Nf6 11. Bd2 g6 12. a4 b4 13. Na2 Bg7 14. Kh1 a5 15. c3 O-O
16. cxb4 axb4 17. Nxb4 Nxb4 18. Bxb4 Qb6 19. Bb5 Nxe4 20. a5 Qa7 21. Bd3 f5 22.
Rac1 Rfc8 23. Rcd1 Rab8 24. Ba3 Bd5 25. Nd2 Bxb2 26. Nxe4 fxe4 27. Bxb2 exd3 28.
Rxd3 Bc4 29. Rc1 Qa6 30. Ba1 Re8 31. Rxc4 Rb1+ 32. Rd1 Qxc4 33. Qe1 Rxd1 34.
Qxd1 Rc8 35. Bb2 Qc2 36. Qe1 Kf7 37. Bd4 Qc1 38. Qg1 Qd2 0-1

[Event "3rd Sharjah Masters 2019"]
[Site "Sharjah UAE"]
[Date "2019.03.23"]
[Round "2.13"]
[White "Adly, Ahmed"]
[Black "Zou, Chen"]
[Result "1/2-1/2"]
[WhiteTitle "GM"]
[BlackTitle "FM"]
[WhiteElo "2611"]
[BlackElo "2397"]
[WhiteFideId "10601619"]
[BlackFideId "8610959"]
[EventDate "2019.03.22"]

1. Nf3 Nf6 2. g3 d5 3. Bg2 e6 4. O-O Be7 5. d3 O-O 6. Nbd2 Nc6 7. e4 dxe4 8.
dxe4 e5 9. b3 Bc5 10. Bb2 Qe7 11. a3 Rd8 12. b4 Bb6 13. Qe2 Nd4 14. Nxd4 Bxd4
15. c3 Bg4 16. Bf3 Bb6 17. Bxg4 Nxg4 18. Kg2 Qe6 19. Nf3 c6 20. Ng5 Qc8 21. h3
Nf6 22. f4 exf4 23. Rxf4 Qd7 24. Nf3 Qd3 25. Re1 Qxe2+ 26. Rxe2 Bc7 27. e5 Nd7
28. c4 f6 29. h4 Nxe5 30. Bxe5 Bxe5 31. Nxe5 Re8 32. Rd4 Re7 33. Rd7 Rae8 34.
Rxe7 Rxe7 35. Kf3 fxe5 36. Ke4 Kf7 37. Rf2+ Ke6 38. Rf5 Rd7 39. Rxe5+ Kf7 40.
Rf5+ Ke7 41. a4 Rd2 42. Re5+ Kf7 43. Ra5 a6 44. b5 cxb5 45. axb5 axb5 46. Rxb5
Rd7 47. Rb6 Re7+ 48. Kd5 Rd7+ 49. Kc5 Rc7+ 50. Kb4 Ke7 51. h5 Kf7 52. c5 Rd7 53.
Kc4 Ke7 54. g4 Kd8 55. g5 Kc8 56. Re6 Rf7 57. Re8+ Kc7 58. Rh8 Rf5 59. Rxh7 Rxg5
60. h6 Kc6 61. hxg7 Rg4+ 62. Kd3 Kxc5 63. Ke3 Kd5 64. Kf3 Rg1 65. Kf2 Rg6 66.
Rh5+ Ke4 67. Rh7 Kf5 68. g8=Q Rxg8 69. Rxb7 Ke5 1/2-1/2

[Event "3rd Sharjah Masters 2019"]
[Site "Sharjah UAE"]
[Date "2019.03.23"]
[Round "2.14"]
[White "Saurabh, Anand"]
[Black "Zubov, Alexander"]
[Result "0-1"]
[BlackTitle "GM"]
[WhiteElo "2385"]
[BlackElo "2605"]
[WhiteFideId "5094496"]
[BlackFideId "14109409"]
[EventDate "2019.03.22"]

1. e4 c5 2. Nf3 d6 3. d4 cxd4 4. Nxd4 Nf6 5. Nc3 a6 6. Be2 e5 7. Nf3 h6 8. Be3
Be6 9. O-O Nbd7 10. a4 Ng4 11. Bc1 Ngf6 12. Be3 Rc8 13. h3 Be7 14. Re1 Rxc3 15.
bxc3 Nxe4 16. Qd3 Ndc5 17. Bxc5 Nxc5 18. Qe3 O-O 19. a5 Qc7 20. Reb1 Bd5 21. Bf1
Ne4 22. c4 Bc6 23. g3 d5 24. Qb6 Qc8 25. Nxe5 Bc5 26. Qb3 Qf5 27. Nd3 Bxf2+ 28.
Kg2 0-1

[Event "3rd Sharjah Masters 2019"]
[Site "Sharjah UAE"]
[Date "2019.03.23"]
[Round "2.15"]
[White "Idani, Pouya"]
[Black "Zaibi, Amir"]
[Result "1-0"]
[WhiteTitle "GM"]
[BlackTitle "IM"]
[WhiteElo "2604"]
[BlackElo "2386"]
[WhiteFideId "12510130"]
[BlackFideId "5500796"]
[EventDate "2019.03.22"]

1. e4 c5 2. Nf3 e6 3. d4 cxd4 4. Nxd4 Nc6 5. Nc3 Qc7 6. Be3 a6 7. a3 Nf6 8. f4
d5 9. e5 Nd7 10. Qd2 b5 11. Qf2 Nxd4 12. Bxd4 Bc5 13. Bd3 O-O 14. O-O f6 15.
exf6 Rxf6 16. b4 Bxd4 17. Qxd4 Bb7 18. Rae1 Raf8 19. g3 Nb6 20. Re2 Nc4 21. Rfe1
Qc6 22. Nd1 Qe8 23. Nf2 h5 24. Nh3 h4 25. Ng5 Qh5 26. Nxe6 Rxe6 27. Rxe6 hxg3
28. hxg3 Nd2 29. Bh7+ Qxh7 30. Qxd2 d4 31. Qh2 Qf5 32. Re7 Qd5 33. R1e5 Qf3 34.
Rxg7+ Kxg7 35. Rg5+ Kf6 36. Qh6+ Ke7 37. Re5+ Kd7 38. Qg7+ 1-0

[Event "3rd Sharjah Masters 2019"]
[Site "Sharjah UAE"]
[Date "2019.03.23"]
[Round "2.16"]
[White "Sukandar, Irine Kharisma"]
[Black "Gupta, Abhijeet"]
[Result "0-1"]
[WhiteTitle "IM"]
[BlackTitle "GM"]
[WhiteElo "2381"]
[BlackElo "2602"]
[WhiteFideId "7101937"]
[BlackFideId "5010608"]
[EventDate "2019.03.22"]

1. e4 e6 2. d4 d5 3. Nd2 c5 4. Ngf3 cxd4 5. Nxd4 Nc6 6. Nxc6 bxc6 7. Bd3 Nf6 8.
Qe2 Be7 9. O-O O-O 10. b3 a5 11. Bb2 a4 12. c4 a3 13. Be5 Nd7 14. Bc3 Nc5 15.
exd5 cxd5 16. cxd5 exd5 17. Rfe1 Bf6 18. Rac1 Bxc3 19. Rxc3 Ne6 20. Nf3 g6 21.
Bb5 Qa5 22. Rec1 d4 23. R3c2 Nf4 24. Qd2 d3 25. Rxc8 Qxd2 0-1

[Event "3rd Sharjah Masters 2019"]
[Site "Sharjah UAE"]
[Date "2019.03.23"]
[Round "2.17"]
[White "Pichot, Alan"]
[Black "Dhulipalla, Bala Chandra Prasad"]
[Result "1/2-1/2"]
[WhiteTitle "GM"]
[BlackTitle "IM"]
[WhiteElo "2584"]
[BlackElo "2384"]
[WhiteFideId "110973"]
[BlackFideId "25005812"]
[EventDate "2019.03.22"]

1. c4 e5 2. Nc3 Bb4 3. Nd5 Bc5 4. b4 Bf8 5. Bb2 c6 6. Ne3 Bxb4 7. Bxe5 Nf6 8. g3
O-O 9. Bg2 Qe7 10. Nf3 d6 11. Bb2 Ng4 12. Nc2 Ba5 13. h3 Nf6 14. O-O Ne4 15.
Ncd4 f5 16. d3 Nf6 17. e3 Na6 18. Rb1 Bd7 19. Ne2 Bb6 20. Ba3 Rad8 21. Nc3 Bc8
22. Qc2 Nc5 23. Nd2 Ne6 24. Ne2 Qf7 25. Nf3 Rfe8 26. Bb2 h6 27. Bc3 Rf8 28. a4
Bc7 29. Nf4 Nc5 30. d4 Nce4 31. d5 c5 32. Ba1 b6 33. Nd2 Rde8 34. Nxe4 Nxe4 35.
Bf3 g6 36. h4 Kh7 37. Kg2 Rg8 38. Rh1 Bd8 39. g4 fxg4 40. Be2 g5 41. hxg5 Bxg5
42. Bd3 Bf5 43. a5 Bxf4 44. exf4 Bg6 45. axb6 axb6 46. Rxb6 Re7 47. Qc1 h5 48.
Rxd6 Rf8 49. Qe3 Qxf4 50. Rxg6 Kxg6 51. Re1 Qxe3 52. Rxe3 Rxf2+ 53. Kg1 Ra2 54.
Rxe4 Rxe4 55. Bxe4+ Kg5 56. Bg7 Re2 57. Bg2 Rd2 58. Be5 Rd1+ 59. Kh2 Rd2 60. Kg1
Rd1+ 61. Kf2 Rd2+ 62. Kg1 1/2-1/2

[Event "3rd Sharjah Masters 2019"]
[Site "Sharjah UAE"]
[Date "2019.03.23"]
[Round "2.18"]
[White "Boudriga, Mohamed Ali"]
[Black "Nihal, Sarin"]
[Result "0-1"]
[WhiteTitle "IM"]
[BlackTitle "GM"]
[WhiteElo "2369"]
[BlackElo "2578"]
[WhiteFideId "5500460"]
[BlackFideId "25092340"]
[EventDate "2019.03.22"]

1. e4 c5 2. Nf3 Nc6 3. Bb5 g6 4. Bxc6 dxc6 5. d3 Bg7 6. h3 Nf6 7. Nc3 Nd7 8. Be3
e5 9. Qd2 h6 10. a3 b6 11. Ne2 f5 12. Qc3 Qe7 13. b4 O-O 14. bxc5 bxc5 15. Nc1
f4 16. Bd2 Rb8 17. Nb3 Ba6 18. Bc1 c4 19. dxc4 g5 20. a4 c5 21. Ba3 Rfc8 22.
Nfd2 Rb6 23. O-O-O Bb7 24. a5 Rd6 25. f3 Qe6 26. Nb1 Rd4 27. Qb2 Ba6 28. c3 Bxc4
29. N1d2 Bd3 30. Rde1 Ra4 0-1

[Event "3rd Sharjah Masters 2019"]
[Site "Sharjah UAE"]
[Date "2019.03.23"]
[Round "2.19"]
[White "Yakubboev, Nodirbek"]
[Black "Assaubayeva, Bibisara"]
[Result "1-0"]
[WhiteTitle "IM"]
[BlackTitle "FM"]
[WhiteElo "2569"]
[BlackElo "2376"]
[WhiteFideId "14203987"]
[BlackFideId "13708694"]
[EventDate "2019.03.22"]

1. d4 d5 2. c4 c6 3. Nf3 Nf6 4. e3 Bf5 5. Nc3 e6 6. Nh4 Be4 7. f3 Bg6 8. Qb3 Qc7
9. Bd2 Be7 10. cxd5 cxd5 11. Nxg6 hxg6 12. O-O-O Nc6 13. Kb1 a6 14. Rc1 O-O 15.
Qd1 b5 16. g4 Qb7 17. g5 Nh5 18. Rg1 b4 19. Na4 e5 20. dxe5 Nxe5 21. f4 Nc4 22.
Bxc4 dxc4 23. Rxc4 Rac8 24. Rd4 Rfd8 25. Bc1 Rxd4 26. Qxd4 Qc6 27. Qd1 Qe4+ 28.
Ka1 Rc2 29. h3 Qc6 30. Nc3 Rxc1+ 31. Qxc1 bxc3 32. Qxc3 Qxc3 33. bxc3 Bc5 34.
Re1 Ng3 35. Kb2 f6 36. Kc2 Kf7 37. Kd3 Ke6 38. Rb1 Nf5 39. Rb8 fxg5 40. fxg5 Kf7
41. e4 Nh4 42. Ra8 Nf3 43. Rxa6 Nxg5 44. Ra5 Be7 45. a4 Nxh3 46. Rb5 Bh4 47. a5
Bf2 48. a6 g5 49. Rf5+ Ke6 50. Rxf2 Nxf2+ 51. Ke2 1-0

[Event "3rd Sharjah Masters 2019"]
[Site "Sharjah UAE"]
[Date "2019.03.23"]
[Round "2.20"]
[White "Fier, Alexandr"]
[Black "Rathnakaran, K."]
[Result "1-0"]
[WhiteTitle "GM"]
[BlackTitle "IM"]
[WhiteElo "2551"]
[BlackElo "2361"]
[WhiteFideId "2107139"]
[BlackFideId "5005507"]
[EventDate "2019.03.22"]

1. d4 Nf6 2. c4 c5 3. Nf3 g6 4. Nc3 Bg7 5. g3 O-O 6. Bg2 cxd4 7. Nxd4 Nc6 8. O-O
Ng4 9. e3 f5 10. b3 a6 11. Qd2 e5 12. Nde2 h5 13. Ba3 Re8 14. Bd6 Kh7 15. Nd5
Rh8 16. c5 b5 17. cxb6 h4 18. Rad1 hxg3 19. fxg3 Bh6 20. h3 Nxe3 21. Nxe3 Qxb6
22. Rf3 a5 23. Qc3 Ba6 24. Bc5 Qb7 25. Nxf5 gxf5 26. Rxf5 Rhg8 27. Be4 Kh8 28.
Rd6 1-0

[Event "3rd Sharjah Masters 2019"]
[Site "Sharjah UAE"]
[Date "2019.03.23"]
[Round "2.21"]
[White "Fenil, Shah"]
[Black "Chanda, Sandipan"]
[Result "0-1"]
[WhiteTitle "IM"]
[BlackTitle "GM"]
[WhiteElo "2360"]
[BlackElo "2534"]
[WhiteFideId "5019850"]
[BlackFideId "5004225"]
[EventDate "2019.03.22"]

1. d4 Nf6 2. Nf3 g6 3. Nc3 d5 4. Bf4 c6 5. e3 Bg7 6. Be2 Bg4 7. h3 Bxf3 8. Bxf3
O-O 9. O-O Nbd7 10. Qd2 Ne8 11. e4 dxe4 12. Nxe4 Nef6 13. Nxf6+ Nxf6 14. Be5 Ne4
15. Bxe4 Bxe5 16. Rfd1 Bc7 17. Qb4 Bb6 18. a4 a5 19. Qb3 e6 20. Rd3 Rb8 21. Rad1
Bc7 22. g3 Qd6 23. Bg2 Rfd8 24. h4 h5 25. Kf1 b5 26. Qc3 bxa4 27. Bxc6 Rb4 28.
d5 e5 29. Qa3 e4 30. c3 Rxb2 31. Qxb2 a3 32. Qa2 exd3 33. Rxd3 Bb6 34. Rd2 Bc5
35. Bb5 Qf6 36. Qc4 Bd6 37. Kg2 Rb8 38. Re2 Kh7 39. Qc6 Qd8 40. c4 Rb6 41. Qe8
Qxe8 42. Bxe8 Rb2 43. Re1 a2 44. Ra1 Be5 45. c5 Rxf2+ 46. Kxf2 Bxa1 0-1

[Event "3rd Sharjah Masters 2019"]
[Site "Sharjah UAE"]
[Date "2019.03.23"]
[Round "2.22"]
[White "Deepan, Chakkravarthy J."]
[Black "Raghunandan, Kaumandur Srihari"]
[Result "1/2-1/2"]
[WhiteTitle "GM"]
[BlackTitle "IM"]
[WhiteElo "2534"]
[BlackElo "2352"]
[WhiteFideId "5011132"]
[BlackFideId "25004964"]
[EventDate "2019.03.22"]

1. e4 c5 2. Nf3 d6 3. d4 cxd4 4. Qxd4 Nf6 5. Be2 Nbd7 6. c4 e5 7. Qe3 d5 8. exd5
Bc5 9. Qb3 e4 10. Ng5 O-O 11. Be3 b5 12. Nc3 bxc4 13. Qxc4 Qb6 14. Bxc5 Nxc5 15.
Qb5 h6 16. Nh3 Bxh3 17. Qxb6 axb6 18. gxh3 Rfd8 19. O-O-O Na4 20. Nxa4 Rxa4 21.
a3 e3 22. fxe3 Re4 23. Rd3 Rh4 24. Bf3 Rxh3 25. Bg2 Rh5 26. Kd2 Nd7 27. h4 Nc5
28. Rc3 Re5 29. Ke2 f5 30. Rd1 f4 31. Rd4 g5 32. hxg5 hxg5 33. b4 Nb7 34. Bh3
Nd6 35. Be6+ Kg7 36. a4 Rxe3+ 37. Rxe3 fxe3 38. Kxe3 Ra8 39. b5 Kf6 40. Kd3 Nb7
41. Ke4 1/2-1/2

[Event "3rd Sharjah Masters 2019"]
[Site "Sharjah UAE"]
[Date "2019.03.23"]
[Round "2.23"]
[White "Omar, Noaman"]
[Black "Debashis, Das"]
[Result "0-1"]
[WhiteTitle "IM"]
[BlackTitle "GM"]
[WhiteElo "2356"]
[BlackElo "2532"]
[WhiteFideId "9300244"]
[BlackFideId "5024854"]
[EventDate "2019.03.22"]

1. d4 Nf6 2. c4 e6 3. Nf3 b6 4. a3 Bb7 5. Nc3 d5 6. Bg5 Be7 7. Qa4+ Bc6 8. Qc2
dxc4 9. e4 b5 10. O-O-O O-O 11. d5 exd5 12. exd5 Bd7 13. Nd4 a6 14. Nf5 Bxf5 15.
Qxf5 Nbd7 16. Be2 Ne8 17. Be3 Nd6 18. Qc2 Re8 19. h4 a5 20. a4 b4 21. Nb5 Nxb5
22. axb5 c3 23. bxc3 bxc3 24. Qxc3 a4 25. Kb1 a3 26. Ka2 Bc5 27. Rh3 Bxe3 28.
fxe3 Nf6 29. Rd4 Ne4 30. Qc2 Nd6 31. Bd3 Kh8 32. Rf3 Re5 33. Qc6 Rb8 34. Ra4 Re8
35. g3 Rb6 36. Qc5 Qd7 37. Rxa3 Reb8 38. Rb3 Qg4 39. Rf4 Qxg3 40. Ra4 R6b7 41.
Qd4 Re8 42. e4 Qxh4 43. Rb2 Rbb8 44. Rg2 f6 45. Qg1 Ra8 46. Rxa8 Rxa8+ 47. Kb1
Nxe4 48. Rxg7 Ng5 0-1

[Event "3rd Sharjah Masters 2019"]
[Site "Sharjah UAE"]
[Date "2019.03.23"]
[Round "2.24"]
[White "Sidhant, Mohapatra"]
[Black "Megaranto, Susanto"]
[Result "1/2-1/2"]
[WhiteTitle "IM"]
[BlackTitle "GM"]
[WhiteElo "2348"]
[BlackElo "2526"]
[WhiteFideId "5028698"]
[BlackFideId "7101384"]
[EventDate "2019.03.22"]

1. e4 c6 2. d4 d5 3. exd5 cxd5 4. Bd3 Nc6 5. c3 Nf6 6. Bf4 Bg4 7. Qb3 Qc8 8. Nd2
e6 9. Ngf3 Nh5 10. Be3 Bxf3 11. Nxf3 Bd6 12. O-O O-O 13. Rae1 Qc7 14. Qc2 g6 15.
Bh6 Rfe8 16. g3 Bf8 17. Bxf8 Rxf8 18. Qd2 Kg7 19. Ne5 Nxe5 20. Rxe5 Nf6 21. Rfe1
Rab8 22. h4 Nd7 23. Rh5 Nf6 24. Rg5 h6 25. Rge5 b5 26. a3 a5 27. b4 axb4 28.
axb4 Rfc8 29. Rc1 Rb6 30. Re3 Ng4 31. Ree1 h5 32. Rc2 Ra8 33. Rec1 Nf6 34. Qe2
Qb8 35. Ra2 Rxa2 36. Qxa2 e5 37. dxe5 Qxe5 38. Qe2 Qxe2 39. Bxe2 Ne4 40. Bd3 Nd6
41. Bf1 Ne4 42. Bd3 Kf6 43. c4 bxc4 44. Bxe4 dxe4 45. Rxc4 Ke5 46. Kf1 Kd5 47.
Rc7 f5 48. Rc5+ Kd4 49. Rc8 Rxb4 50. Rc6 Rb1+ 51. Kg2 Rb2 52. Kg1 e3 53. fxe3+
Kxe3 54. Rxg6 Kf3 55. Rg5 Rg2+ 56. Kh1 Rxg3 57. Rxf5+ Kg4 58. Rg5+ Kxh4 59. Rxg3 1/2-1/2

[Event "3rd Sharjah Masters 2019"]
[Site "Sharjah UAE"]
[Date "2019.03.23"]
[Round "2.25"]
[White "Vishnu Prasanna, V"]
[Black "Shailesh, Dravid"]
[Result "1-0"]
[WhiteTitle "GM"]
[BlackTitle "FM"]
[WhiteElo "2524"]
[BlackElo "2316"]
[WhiteFideId "5030692"]
[BlackFideId "25017969"]
[EventDate "2019.03.22"]

1. d4 Nf6 2. c4 e6 3. g3 Bb4+ 4. Bd2 Qe7 5. Bg2 Nc6 6. e3 O-O 7. Nc3 Bxc3 8.
Bxc3 d6 9. Ne2 e5 10. d5 Nb8 11. h3 Nbd7 12. g4 a5 13. Ng3 Nc5 14. O-O Bd7 15.
a4 h6 16. e4 Ne8 17. f4 f6 18. b3 c6 19. Ra2 Nc7 20. Raf2 exf4 21. Rxf4 cxd5 22.
cxd5 b5 23. Nh5 bxa4 24. bxa4 Bxa4 25. Qa1 Ne8 26. e5 dxe5 27. Bxe5 Bb5 28. d6
Nxd6 29. Bxf6 Qe3+ 30. Kh2 Bxf1 31. Bg5 Rf6 32. Nxf6+ gxf6 33. Qxf6 hxg5 34.
Qg6+ Kh8 35. Qh6+ Kg8 36. Bd5+ 1-0

[Event "3rd Sharjah Masters 2019"]
[Site "Sharjah UAE"]
[Date "2019.03.23"]
[Round "2.26"]
[White "Bharath, Subramaniyam H"]
[Black "Kuybokarov, Temur"]
[Result "0-1"]
[WhiteTitle "CM"]
[BlackTitle "GM"]
[WhiteElo "2301"]
[BlackElo "2519"]
[WhiteFideId "46634827"]
[BlackFideId "14203049"]
[EventDate "2019.03.22"]

1. e4 e5 2. Nf3 Nc6 3. Bb5 a6 4. Ba4 d6 5. c3 f5 6. exf5 Bxf5 7. O-O Bd3 8. Re1
Be7 9. Qb3 Qc8 10. Qd5 Bf5 11. Bb3 Bg6 12. d4 Nf6 13. Qe6 Qxe6 14. Bxe6 exd4 15.
Nxd4 Ne5 16. Na3 Nfd7 17. Bf5 Nc5 18. f4 Nc6 19. Bxg6+ hxg6 20. Nxc6 bxc6 21.
Be3 Nd3 22. Re2 d5 23. b4 c5 24. bxc5 O-O-O 25. Bd4 Bxc5 26. Bxc5 Nxc5 27. Rd1
Na4 28. Rd3 Rhf8 29. g3 Rf6 30. Nc2 Rb6 31. Nd4 c5 32. Ne6 Re8 33. Rde3 Rb1+ 34.
Kg2 Rc1 35. Re5 c4 36. Nxg7 Rxe5 37. fxe5 Nxc3 38. Rf2 d4 39. e6 Nd5 40. Rf8+
Kc7 41. Ne8+ Kc6 42. Nf6 Nxf6 43. Rxf6 d3 44. Kf2 Kd6 45. Ke3 Re1+ 46. Kd2 Re2+
47. Kd1 c3 48. Rf1 Rxa2 49. Ke1 Kxe6 50. Rf3 Ra1+ 51. Kf2 d2 52. Re3+ Kf6 53.
Rf3+ Kg7 54. Rxc3 d1=N+ 55. Kf3 Nxc3 0-1

[Event "3rd Sharjah Masters 2019"]
[Site "Sharjah UAE"]
[Date "2019.03.23"]
[Round "2.27"]
[White "Venkatesh, M.R."]
[Black "Ajay, Karthikeyan"]
[Result "1-0"]
[WhiteTitle "GM"]
[WhiteElo "2517"]
[BlackElo "2298"]
[WhiteFideId "5005779"]
[BlackFideId "35011685"]
[EventDate "2019.03.22"]

1. e4 c5 2. Nf3 g6 3. c3 Nc6 4. d4 d5 5. e5 cxd4 6. cxd4 Bg4 7. Bb5 Qb6 8. Nc3
e6 9. O-O Nh6 10. Bxc6+ Qxc6 11. Bg5 Bg7 12. Qd2 Ng8 13. Ne1 h6 14. Be3 Bf5 15.
Rc1 Ne7 16. a4 Qb6 17. Nb5 Nc6 18. h3 g5 19. Nd6+ Ke7 20. f4 Bg6 21. fxg5 h5 22.
Nd3 Rhf8 23. b4 a5 24. b5 Nb4 25. Nxb4 axb4 26. Qxb4 Kd7 27. Rc5 Rfd8 28. Rfc1
Bf8 29. a5 1-0

[Event "3rd Sharjah Masters 2019"]
[Site "Sharjah UAE"]
[Date "2019.03.23"]
[Round "2.28"]
[White "Priyanka, Nutakki"]
[Black "Stany, G.A."]
[Result "0-1"]
[WhiteTitle "WIM"]
[BlackTitle "GM"]
[WhiteElo "2297"]
[BlackElo "2507"]
[WhiteFideId "25049615"]
[BlackFideId "5029104"]
[EventDate "2019.03.22"]

1. Nf3 d5 2. g3 Nf6 3. Bg2 g6 4. b3 Bg7 5. Bb2 O-O 6. c4 c6 7. O-O a5 8. d3 a4
9. Nbd2 Re8 10. Qc2 Nbd7 11. Ne5 Nf8 12. Rac1 Ne6 13. e4 axb3 14. axb3 dxe4 15.
dxe4 Ra2 16. Nd3 Ng4 17. Ra1 Rxa1 18. Rxa1 Bxb2 19. Nxb2 Nd4 20. Qd1 Qb6 21. Nd3
Rd8 22. Ra8 Nf6 23. h3 Kg7 24. e5 Ne8 25. b4 Bg4 26. Qxg4 Rxa8 27. Ne4 Ne6 28.
Qh4 Qd4 29. Nf4 Qxe5 30. Qxe7 Qa1+ 31. Kh2 Nxf4 32. gxf4 Rb8 33. b5 Qd4 34. b6
Nf6 35. Qc7 Re8 36. Ng3 Qd7 37. Qxd7 Nxd7 38. Ne4 Nxb6 39. Nd6 Re7 40. f5 Kf6
41. fxg6 hxg6 42. f4 Ke6 43. c5 Na4 44. Ne4 0-1

[Event "3rd Sharjah Masters 2019"]
[Site "Sharjah UAE"]
[Date "2019.03.23"]
[Round "2.29"]
[White "Sharma, Dinesh K."]
[Black "Sindarov, Javokhir"]
[Result "1/2-1/2"]
[WhiteTitle "IM"]
[BlackTitle "GM"]
[WhiteElo "2286"]
[BlackElo "2505"]
[WhiteFideId "5004110"]
[BlackFideId "14205483"]
[EventDate "2019.03.22"]

1. Nf3 g6 2. c4 c5 3. d4 cxd4 4. Nxd4 Bg7 5. e4 Nc6 6. Be3 Nf6 7. Nc3 d6 8. Be2
O-O 9. O-O Bd7 10. Qd2 a5 11. f3 Nxd4 12. Bxd4 Bc6 13. Rab1 Nd7 14. Be3 Nc5 15.
b3 e6 16. Rfd1 Be5 17. Bd4 Qe7 18. Bxe5 dxe5 19. Qd6 Qxd6 20. Rxd6 Rfd8 21.
Rxd8+ Rxd8 22. Rd1 Ra8 23. Bd3 Kf8 24. Kf2 Ke7 25. Bc2 b6 26. Ke3 Be8 27. Rb1
Nb7 28. Bd3 Nd6 29. Rc1 Rc8 30. Ne2 Nb7 31. a3 Nd8 32. Ra1 Nc6 33. Rd1 f5 34. g3
Rd8 35. Bc2 Rxd1 36. Bxd1 g5 37. g4 f4+ 38. Kd3 h5 39. h3 h4 40. Kc3 Kd6 41. b4
Bd7 42. Bc2 Kc7 43. Bd1 Be8 44. Bc2 Kd6 45. Bd1 Bd7 1/2-1/2

[Event "3rd Sharjah Masters 2019"]
[Site "Sharjah UAE"]
[Date "2019.03.23"]
[Round "2.30"]
[White "Nasanjargal, Urtnasan"]
[Black "Koniahli, Malek."]
[Result "1-0"]
[WhiteTitle "FM"]
[BlackTitle "FM"]
[WhiteElo "2503"]
[BlackElo "2294"]
[WhiteFideId "4900774"]
[BlackFideId "7603495"]
[EventDate "2019.03.22"]

1. d4 Nf6 2. c4 g6 3. Nc3 Bg7 4. e4 d6 5. Nf3 O-O 6. Be2 Na6 7. O-O e5 8. Be3
Ng4 9. Bg5 Qe8 10. dxe5 dxe5 11. h3 h6 12. Bd2 Nf6 13. Be3 Qe7 14. a3 c6 15. b4
Nh5 16. Re1 Nf4 17. Bxf4 exf4 18. e5 Bf5 19. c5 Rfd8 20. Qc1 g5 21. Bc4 Nc7 22.
Ne4 Bxe4 23. Rxe4 a5 24. Rb1 axb4 25. axb4 Ne6 26. Qc2 Rd7 27. Ree1 Rad8 28. Qf5
Nc7 29. h4 Ne6 30. hxg5 hxg5 31. Bxe6 fxe6 32. Qg6 Qf7 33. Qxg5 Rd5 34. Nh4 Rd4
35. Rb3 Kf8 36. Ng6+ Kg8 37. Rf3 Ra8 38. g3 Rxb4 39. Kg2 Re8 40. Rh1 Qd7 41. Rh4
Rc4 42. Qh5 Qd5 43. Nxf4 Rxf4 44. Qh7+ 1-0